000 00786cam a2200205 4500
001 WB3624-22
008 000000n2000 000 0 eng u
035 _a(Sirsi) u106618
245 _aRICS backs investigation
260 _c2000
490 _aRICS Press Release
_v(pr070) 15 June 2000, (2)
520 _aRICS is backing a select committee investigation into the restrictions imposed by the European Commission on the funding of regeneration projects. The Commission had ruled that the Partnership Investment Programme was in breach of state aid rules.
590 _aWB
650 _aRICS
650 _aHOUSE OF COMMONS ENVIRONMENT SELECT COMMITTEE
650 _aREGENERATION PROJECTS
650 _aPARTNERSHIP INVESTMENT PROGRAMME
690 _aREGENERATION
942 _n0
999 _c63843
_d63843